| 000 | 00630nam a2200193 4500 | ||
|---|---|---|---|
| 999 |
_c165745 _d165745 |
||
| 005 | 20190628155954.0 | ||
| 010 | _aENG-125812 | ||
| 020 |
_a9789387472556 _c795.00 |
||
| 035 | _aEN-109344 | ||
| 037 | _bDBAD/PUB | ||
| 082 | _a005.432 | ||
| 100 | _aBorycky, Dawid | ||
| 245 |
_aProgramming for the internet of things : _cby Dawid Borycky _busing windows 10 lot core and azure lot suite / |
||
| 260 |
_aDelhi _bPHI learning _c2019 |
||
| 270 |
_aRimjhim House, 111 Patparganj Industrial Estate _bDelhi _e110092 |
||
| 300 |
_axiv,610p. _c24cm(pbk) |
||
| 500 | _aIncludes index | ||
| 942 |
_2ddc _cEN _h005.432 _mBOR |
||